01134cam a2200301 i 45000010009000000050017000090080041000260100017000670200036000840200027001200200027001470200046001740200038002200200038002580400028002960410008003240420008003320800018003400820022003581000007003801010008003872450211003955040051006069060045006579420012007029990017007149520101007311925850020180112042511.0160901s2016 mauab b 001 0 eng  a 2016429791 a9781457681431 (combined edtion) a9781457681523 (vol. 1) a9781457681530 (vol. 2) a9781319027520 (combined looseleaf edtion) a9781457681523 (looseleaf, vol. 1) a9781457681530 (looseleaf, vol. 2) aDLCbengerdacDLCdDLC aeng apcc a909.09821 LYN00a909.09821 LYN2231 a16 aHIS14aThe Making of the West :cLynn Hunt, University of California, Los Angeles; Thomas R. Martin, College of the Holy Cross; Barbara H. Rosenwein, Loyola University Chicago; Bonnie G. Smith, Rutgers University. aIncludes bibliographical references and index. a7bcbccorignewd2encipf20gy-gencatlg 2ddccBK c40180d40180 00102ddc4070a002b002d2018-01-12l0o909.09821 LYNp002-2994942r2018-01-12w2018-01-12yBK